LEADER 00987nam0-22003131i-450- 001 990005480720403321 005 20061220103549.0 035 $a000548072 035 $aFED01000548072 035 $a(Aleph)000548072FED01 035 $a000548072 100 $a19990604d1968----km-y0itay50------ba 101 0 $aita 105 $af-------00--- 200 1 $a<>terra di S. Benedetto$estudio storico-giuridico sull'Abbazia di Montecassino dall'8. al 13. secolo$fLuigi Fabiani 210 $aMontecassino$cBadia di Montecassino$d1968 215 $a2 v., tav.$d27 cm 225 1 $aMiscellanea cassinese$v33 610 0 $aAbbazia di Montecassino 676 $a271.1$v21$zita 700 1$aFabiani,$bLuigi$0212051 801 0$aIT$bUNINA$gRICA$2UNIMARC 901 $aBK 912 $a990005480720403321 952 $a271.1 FAB 1 (1)$bST. ARTE 10606$fFLFBC 952 $a271.1 FAB 1 (2)$bST. ARTE 10606$fFLFBC 959 $aFLFBC 996 $aTerra di S. Benedetto$9150804 997 $aUNINA LEADER 01895nam 2200349 450 001 9910597895503321 005 20230228231046.0 035 $a(CKB)5470000000954121 035 $a(NjHacI)995470000000954121 035 $a(EXLCZ)995470000000954121 100 $a20230228d2021 uy 0 101 0 $aeng 135 $aur||||||||||| 181 $ctxt$2rdacontent 182 $cc$2rdamedia 183 $acr$2rdacarrier 200 10$aWater and society $echanging perceptions of societal and historical development /$fTerje Tvedt 210 1$aLondon, England :$cI.B. Tauris,$d2021. 215 $a1 online resource (304 pages) 311 $a0-7556-0649-3 330 $a"Despite the central importance that water has held for civilizations both ancient and modern, its social significance has made surprisingly little impact on our contemporary understanding of human history and development. Dominant interpretations of the relationship between society and nature have remained water blind. In Water and Society historian and leading water expert Terje Tvedt argues for a change that acknowledges the significant role played by water in societal development. Reflecting his expertise as a geographer, historian and a political scientist, and drawing on his wide experience of water issues around the world, Terje Tvedt s Water and Society provides a long overdue reappraisal of the relationship between water and society, one that gives water its rightful place as central to any true understanding of human history and development."."-- Provided by publisher. 517 $aWater and society 606 $aWater and civilization 615 0$aWater and civilization. 676 $a809.933553 700 $aTvedt$b Terje$0661201 801 0$bNjHacI 801 1$bNjHacl 906 $aBOOK 912 $a9910597895503321 996 $aWater and society$92245766 997 $aUNINA